00565 a2200169 450000100060000002000150000604000220002110000280004324000500007124500450012130000080016636200090017465000730018394200070025695201150026399900170037863893 a8516029301 cAnchieta - Pituba aPereira, Lygia da Veiga10aSequenciaram o genoma humano... E agora?lpor10aSequenciaram o genoma humano... E agora? a1110 a2001 4aGenética fisiológica (Genética molecular humana) Genoma humano cBK 00104070a91.1b91.1d2023-11-21l0o611 01816 P436s PER SEQp17493/PITr2023-11-21 18:32:20w2023-11-21yBK c63893d63893